00698cam a2200157 a 450000100100000000500170001000800410002704000250006808200170009311100790011024500570018926000520024630000210029850001470031950400740046600001002820200929161816.0810918s1979 ve b 100 0 spa d aDO-SdBNPbspadBNPHU a928.87bB4462 aCongreso del bicentenarion(1:d1979 : 19- 21 de feb.cCaracas, Venezuela)10aBello y Caracas :bprimer congreso del bicentenario. aCaracas :bFundación La Casa de Bello,c1979. a473 p. ;c23 cm. aCongreso organizado por la Fundación La Casa de Bello y la Comisión Nacional para la Celebración del Bicentenario de Don Andrés Bello. aIncluye referencias bibliográficas y notas al pie de las páginas.